000 00621nam a22002177a 4500
005 20141113143809.0
010 _aENG-111201
020 _a9789332902831
_c550.00
020 _a9332902836
_c550.00
035 _aEN-94733
037 _bDBAD/PUB
082 _a621.3822
100 _aSalivahanan, S.
245 _aDigital signal processing /
_cby S. Salivahanan
250 _a3rd ed
260 _aNew Delhi
_bMcGraw Hill Education
_c2015
270 _aP-24, Green Park Extension
_bNew Delhi
_e110016
300 _axv,912p.
_c24cm(pbk)
500 _aIncludes index
942 _2ddc
_cEN
_mSAL
_h621.3822
999 _c89979
_d89979